Домашнее приготовление настоек, наливок, ликеров и шипучих напитков из плодов, овощей и ягод

Detaylı Bibliyografya
Dil:Rusça
Baskı/Yayın Bilgisi: Москва, ЦСП "Восхождение", 1991
Seri Bilgileri:Садовая библиотека
Konular:
Materyal Türü: MixedMaterials Kitap
KOHA link:https://koha.lib.tpu.ru/cgi-bin/koha/opac-detail.pl?biblionumber=153202

MARC

LEADER 00000nam0a2200000 4500
001 153202
005 20231031151306.0
010 |a 5858460046 
020 |a RU  |b 91-27963 
035 |a (RuTPU)RU\TPU\book\166208 
090 |a 153202 
100 |a 20090210d1991 m a0rusy5003 ca 
101 0 |a rus 
102 |a RU 
105 |a y z 000zy 
200 1 |a Домашнее приготовление настоек, наливок, ликеров и шипучих напитков из плодов, овощей и ягод 
210 |a Москва  |c ЦСП "Восхождение"  |d 1991 
215 |a 31 с.  |d 21 см 
225 1 |a Садовая библиотека 
610 1 |a вина 
610 1 |a безалкогольные напитки 
610 1 |a домашние условия 
610 1 |a приготовление 
610 1 |a настойки 
610 1 |a наливки 
610 1 |a ликеры 
675 |a 64  |z rus 
801 0 |a RU  |b RuMRKP  |c 19950417  |g psbo 
801 1 |a RU  |b 63413507  |c 20090210  |g PSBO 
801 2 |a RU  |b 63413507  |c 20090609  |g PSBO 
942 |c BK